000 02025nam a2200385 i 4500
003 EG-GICUC
005 20260416151528.0
008 260306s1986 ua ||||fr|||| 00| 0 ara d
017 _a86/7792
017 _a86/7597
020 _a9771000837 ;
020 _a9770218936
040 _a EG-GICUC
_bara
_c EG-GICUC
_d EG-GICUC
_erda
041 _aara
082 0 4 _221
_a343.303
_bع ب . م
092 0 4 _221
099 _aLaw1 10 343.303 ع ب . م 1986
100 0 _aعبد الرحيم صدقى
_eمؤلف.
245 1 0 _aموسوعة صدقى فى القانون الجنائى :
_bالقانون الجنائي والدين والسياسة.
_cتأليف دكتور عبد الرحيم صدقى..
_nالمجلد السابع،
_nالمجلد الثامن،
_pالجريمة والعقوبة فى الشريعة الإسلامية،
_pالسياسة الجنائية فى العالم المعاصر /
264 3 _aالقاهرة :
_bمطبعة القاهرة الجديدة،
_c1986.
300 _aمجلد :
_c24 سم.
_bإيضاحيات، صور، مثيليات ؛
336 _2rda content
_atext
337 _2rda media
_aComputer
338 _2rda carrier
_aOnline Resource
490 _aموسوعة صدقى فى القانون الجنائى ;
_vالمجلد السابع،
_vالمجلد الثامن
504 _aيشتمل على إرجاعات ببليوجرافية.
505 _aمج. 7, 8 ، القانون الجنائى والدين والسياسة ، المجلد السابع، الجريمة والعقوبة فى الشريعة الإسلامية ، المجلد الثامن ، السياسة الجنائية فى العالم المعاصر
546 _aالنص باللغة العربية
650 1 _aالقانون الجنائي
_2qrmak
650 1 _a قانون الإجراءات الجنائية
_xموسوعات / معاجم
_2qrmak
651 1 _2qrmak
856 4 0 _uhttps://fll.law.cu.edu.eg/fulltext/bks/B10-08705.pdf
905 _a43
_eYara
942 _2ddc
_n0
_cBK
_e21
999 _c65232
_d65232